000 00728nam a2200253Ia 4500
001 34384
005 20240114001727.0
007 ta
008 070219s1358 a g b000 u 346 u
040 _aCotton College,Assam
041 _a346
082 _a922
_bG 699 R
100 _aRaichoudhuri, Girija Sankar .
245 0 _aPrabhupad Srimat Vijaykrishna Goswami /
_cGirija Sankar Raichoudhuri.
_hTextual Documents
250 _a1st ed. /
260 _aCalcutta :
_bbharati Library ,
_c1358.
300 _a35p. :
_bill ;
_c18cm .
653 _aBiography-Vijaykrishna Goswami
653 _aVijaykrishna Goswami-Biography
653 _aG-Biography
942 _2ddc
_cBK
999 _c34366
_d34366